000 00568cam a22002053a 4500
001 43971
003 PGUSA
005 20140828084012.0
008 131018s2013||||xxu|||||s|||||000 | eng d
040 _aPGUSA
_beng
042 _adc
100 1 _aMerrick, Leonard,
_d1864-1939
245 1 0 _aOne Man's View
_h[electronic resource] /
_cLeonard Merrick
260 _bProject Gutenberg,
_c2013
506 _aPublic domain in the USA.
516 _aElectronic text
830 0 _aProject Gutenberg
_v43971
856 4 0 _uhttp://www.gutenberg.org/ebooks/43971
942 _cEB
999 _c273222
_d273222